Folk Songs by Lyrics #1 - Statistics

General Stats
  • This quiz has been taken 66 times
  • The average score is 8 of 15
Answer Stats
Hint Answer % Correct
With a moo moo here,and a moo moo there... Old Macdonald Had a Farm
93%
_______ _____! How sweet the soundThat saved a wretch like me. I once was lost, but now am found, Was blind but now I see. Amazing Grace
80%
… A pocket full of posies,Ashes! Ashes! We all fall down. Ring a Ring o' Roses
79%
___, ___, _____ _____, have you any wool?Yes, sir, yes, sir, three bags full. Baa Baa Black Sheep
77%
… See how they run. See how they run. They all ran after the farmer's wife, Who cut off their tails with a carving knife, Did you ever see such a sight in your life... Three Blind Mice
75%
There is a house in New Orleans,It's called the ______ ___ [partial title only] It's been the ruin of many poor girl Great God, and I for one. The House of the Rising Sun
61%
Ef it hadn't ben fur ______-____ ___,I'd er been married long ergo. (Modern: Where did you come from, where did you go?). Cotton-Eyed Joe
59%
Should Old Acquaintance be forgot,and never thought upon; The flames of Love extinguished, and fully past and gone: Auld Lang Syne
57%
He followed her to school one day—That was against the rule, It made the children laugh and play... Mary had a Little Lamb
46%
...__ ______ ____ ____ ___ _____.
Oh, bring back my ______ to me. Bring back, bring back, Oh bring back my ______ to me!
My Bonnie Lies Over the Ocean
46%
The ___ ____ ____, she ain't what she used to be,ain't what she used to be, ain't what she used to be... The Old Gray Mare
41%
Half a pound of tuppenny rice, half a pound of treacle.That's the way the money goes, ___ ____ ___ ______. Pop Goes the Weasel
36%
Send for the doctor and the doctor said"feed them children on _____'___' _____" Mama's little babies love _____'___', _____'___', Shortn'in' Bread
25%
The cheese stands alone (x2)Hi-ho, the derry-o The cheese stands alone Farmer in the Dell
20%
Oh ________ was a racehorse,And I wish he were mine. He never drank water; he always drank wine. Stewball
7%
No matching quizzes found
Score Distribution
Percent of People with Each Score
Percentile by Number Answered
Your Score History
You have not taken this quiz